000 00433nam a2200145 4500
001 111183
003 ES-MaACL
005 20230906185247.0
007 t|
008 061121s1913 sp r ||||1| spa d
100 1 _aOlazábal, Domingo.
_986679
245 1 0 _aLigeros apuntes sobre el problema silvo- pastoral de España /
_cDomingo Olazábal.
260 _aMadrid :
_b[s.n.],
_c1913 (
_fImp. Alemana)
852 _aES-MaACL
_jT-1350-F-1
999 _c111183
_d111183